| 000 | 00439nam a2200181Ia 4500 | ||
|---|---|---|---|
| 005 | 20250423095935.0 | ||
| 008 | 250422s9999 xx 000 0 und d | ||
| 020 | _a9789350146095 | ||
| 050 | _aTE 200 .P36/ | ||
| 100 | _aPant, M.K | ||
| 245 | 0 | _aLaboratory manual for civil engineering students | |
| 260 | _aNew delhi | ||
| 260 | _bS.K kataria & sons | ||
| 260 | _c2016 | ||
| 300 | _a249 p | ||
| 650 | _aEngineering | ||
| 942 | _cBK | ||
| 999 |
_c31798 _d31798 |
||